000 00382nam a2200109Ia 4500
008 200302s9999 xx 000 0 und d
100 _aThilo Ebert & Others
245 _aGreen Building Certification Systems Assessing Sustainability International System Comparison Economic Impact of Certifications
260 _bArchitektur-Dokumentation Gmbh & Co.
260 _c2011
300 _a143
999 _c3375
_d3375